| 000 | 00454nam a2200169 a 4500 | ||
|---|---|---|---|
| 001 | 0000-9341 | ||
| 003 | ELIB.Books | ||
| 008 | 110520 2001 | ||
| 035 | _a(ELIB.Books)0000-9493 | ||
| 082 |
_a259.6 _bSmi |
||
| 100 | _aSmith, Harold Ivan | ||
| 245 | _aWhen your people are grieving | ||
| 260 |
_bKansas City: Beacon Hill Press _c2001 |
||
| 650 | _aPastoral Care of the Bereaved | ||
| 942 |
_2ddc _cBK |
||
| 998 |
_cbat _e2011-05-20 |
||
| 999 |
_c9341 _d9341 |
||